Social sciences in forestry : (Record no. 14282)

000 -LEADER
fixed length control field 00526cam a2200193 i 4500
020 ## - INTERNATIONAL STANDARD BOOK NUMBER
ISBN 0721678394
040 ## - CATALOGING SOURCE
Transcribing agency DLC
082 00 - DEWEY DECIMAL CLASSIFICATION NUMBER
Classification number 338 SAU 1975 A065 Or.
100 1# - MAIN ENTRY--AUTHOR NAME
Personal name Rumsey, Fay,
245 10 - TITLE STATEMENT
Title Social sciences in forestry :
Remainder of title a book of readings /
260 ## - PUBLICATION, DISTRIBUTION, ETC. (IMPRINT)
Place of publication Philadelphia :
Name of publisher Saunders,
Year of publication 1975.
300 ## - PHYSICAL DESCRIPTION
Number of Pages ix, 409 p. :
Other physical details ill. ;
Dimensions 25 cm.
650 #0 - SUBJECT ADDED ENTRY--TOPICAL TERM
Topical Term Forests and forestry
650 #0 - SUBJECT ADDED ENTRY--TOPICAL TERM
Topical Term Lumber trade
650 #0 - SUBJECT ADDED ENTRY--TOPICAL TERM
Topical Term Forest products industry
650 #0 - SUBJECT ADDED ENTRY--TOPICAL TERM
Topical Term Forest management.
700 1# - ADDED ENTRY--PERSONAL NAME
Personal name Duerr, William A.
942 ## - ADDED ENTRY ELEMENTS (KOHA)
Koha item type សៀវភៅភាសាអង់គ្លេស
952 ## - LOCATION AND ITEM INFORMATION (KOHA)
Withdrawn status [LOCAL, KOHA] 0
Holdings
Permanent Location Date acquired Koha item type Lost status Shelving location Barcode Current Location Full call number
Library Block A2017-10-11សៀវភៅភាសាអង់គ្លេស A065A20933Library Block A338 SAU 1975 A065 Or.
មជ្ឈមណ្ឌលឯការនៃសាកលវិទ្យាល័យភូមិន្ទកសិកម្មចំការដូង

Powered by Koha